000
00298nam a22001337a 4500
008
170807b xxu||||| |||| 00| 0 eng d
020
_a
9781111830847
041
_a
eng
080
_2
15TH
_a
004
100
_a
33
101
_a
SHK
245
_a
THE AMERICAN PAGEANT
_c
KENNEDY,D.M
942
_2
udc
_c
BK
999
_c
22757
_d
22757